The doors you can open (Record no. 4596)

MARC details
000 -CABECERA
campo de control de longitud fija 02459cam a22002658i 4500
001 - NÚMERO DE CONTROL
campo de control 23891401
005 - FECHA Y HORA DE LA ÚLTIMA TRANSACCIÓN
campo de control 20250616094846.0
008 - DATOS DE LONGITUD FIJA--INFORMACIÓN GENERAL
campo de control de longitud fija 241011s2025 nyu b 001 0 eng
010 ## - NÚMERO DE CONTROL DE LA BIBLIOTECA DEL CONGRESO
Número de control de LC 2024044796
020 ## - NÚMERO INTERNACIONAL ESTÁNDAR DEL LIBRO
Número Internacional Estándar del Libro 9781541702752
Información calificativa (hardcover)
040 ## - FUENTE DE LA CATALOGACIÓN
Centro catalogador/agencia de origen DLC
Lengua de catalogación eng
Normas de descripción rda
Centro/agencia transcriptor DLC
041 ## - CÓDIGO DE LENGUA
Código de lengua del texto/banda sonora o título independiente eng
042 ## - CÓDIGO DE AUTENTICACIÓN
Código de autenticación pcc
050 00 - SIGNATURA TOPOGRÁFICA DE LA BIBLIOTECA DEL CONGRESO
Número de clasificación HM741
Número de documento/Ítem .C48 2025
100 ## - ENTRADA PRINCIPAL--NOMBRE DE PERSONA
Nombre de persona Chow, Rosalind,
Término indicativo de función/relación author.
9 (RLIN) 25061
245 14 - MENCIÓN DE TÍTULO
Título The doors you can open
Resto del título : a new way to network, build trust, and use your influence to create a more inclusive workplace
Mención de responsabilidad, etc. / Rosalind Chow.
264 #1 - PRODUCCIÓN, PUBLICACIÓN, DISTRIBUCIÓN, FABRICACIÓN Y COPYRIGHT
Producción, publicación, distribución, fabricación y copyright New York, NY :
Nombre del de productor, editor, distribuidor, fabricante PublicAffairs,
Fecha de producción, publicación, distribución, fabricación o copyright [2025]
300 ## - DESCRIPCIÓN FÍSICA
Extensión 288 pages
504 ## - NOTA DE BIBLIOGRAFÍA, ETC.
Nota de bibliografía, etc. Includes bibliographical references and index.
520 ## - SUMARIO, ETC.
Sumario, etc. The way we currently network and engage in mentorship isn’t working. Given the ever-evolving nature of the workplace, transactional networking and company-enforced mentorship programs simply don’t help make our professional relationships more authentic or our workplaces more equitable. What we need instead is sponsorship. <br/> <br/>What’s the difference between mentorship and sponsorship? Mentorship involves helping a mentee change their behavior, while sponsorship involves changing how other people see a protégé. Sponsorship is as important, if not more so, than mentorship in determining who gets ahead, making it a more effective way to promote social equality and inclusion in the workplace. <br/> <br/>In The Doors You Can Open, organizational expert Rosalind Chow shows readers that they likely already engage in sponsorship in their personal and professional networks—and how they can channel those skills to build more authentic professional relationships. We all have more agency and deeper networks to act as sponsors than we might think, and sponsoring others can lead to mutually beneficial lifelong connections rather than merely transactional interactions. Given the ever-evolving nature of the workplace, intentional and equitable sponsorship is more important now than ever for overturning traditional social hierarchies. <br/> <br/>Based on decades of original research, The Doors You Can Open makes a bold case for completely changing the way we network. Reading it will change how we see and use our relationships in the service of creating stronger workplaces for all.
Fuente proveedora Provided by publisher.
650 #0 - PUNTO DE ACCESO ADICIONAL DE MATERIA--TÉRMINO DE MATERIA
Término de materia o nombre geográfico como elemento de entrada Social networks
9 (RLIN) 5368
650 #0 - PUNTO DE ACCESO ADICIONAL DE MATERIA--TÉRMINO DE MATERIA
Término de materia o nombre geográfico como elemento de entrada Social interaction
9 (RLIN) 1676
650 #0 - PUNTO DE ACCESO ADICIONAL DE MATERIA--TÉRMINO DE MATERIA
Término de materia o nombre geográfico como elemento de entrada Organizational behavior
9 (RLIN) 2566
942 ## - ELEMENTOS DE ENTRADA AGREGADA (KOHA)
Fuente del sistema de clasificación o colocación Clasificación de Library of Congress
Holdings
Estado de retiro Estado de pérdida Fuente del sistema de clasificación o colocación Estado dañado No para préstamo Biblioteca de origen Biblioteca actual Fecha de adquisición Total de préstamos Signatura topográfica completa Código de barras Fecha visto por última vez Número de copia Precio válido a partir de Tipo de ítem Koha
    Clasificación de Library of Congress     TBS Barcelona TBS Barcelona 26/03/2025   HM741 CHO B07532 26/03/2025 1 26/03/2025 Book

Powered by Koha